[Event "4NCL Div 1 2018-19"]
[Site "Daventry"]
[Date "2018.11.11"]
[Round "2"]
[White "Griffiths, Ryan Rhys"]
[Black "Pert, Nicholas"]
[Result "0-1"]
[WhiteElo "2358"]
[BlackElo "2542"]
[Annotator "TA"]
[PlyCount "62"]
[EventDate "2018.11.10"]
[EventType "team-tourn"]
[EventCountry "GBR"]
[SourceTitle "playchess.com"]
[Source "ChessBase"]
[SourceQuality "1"]

{[%evp 19,62,0,16,20,8,0,0,-21,-17,-12,-11,-14,-10,-52,-16,-23,-37,-106,-109,-225,-220,-295,-93,-229,-222,-331,-248,-294,-121,-87,-88,-118,17,-259,-295,-311,-318,-295,-296,-954,-948,-1029,-1026,-1136,-1097]} 1. c4 e5 2. g3 Nf6 3. Bg2 c6 4. d4 e4 5. Nc3 d5 6. Bg5 {A20: English Opening: 1...e5} Nbd7 (6... Bb4 7. Qb3 Bxc3+ 8. Qxc3 O-O 9. f3 dxc4 10. Bxf6 Qxf6 11. fxe4 c5 12. e5 cxd4 13. exf6 dxc3 14. fxg7 {½-½ (40) McShane,L (2647)-Anand,V (2783) Germany 2018}) 7. cxd5 cxd5 8. Qb3 Bd6 9. Nh3 h6 10. Bf4 Nb6 {LiveBook: 3 Games} 11. Be5 Nh5 12. O-O ({Don't blunder} 12. Nxd5 $2 Nxd5 13. Qb5+ Kf8 $19) 12... O-O 13. Rac1 $146 ({But not} 13. Nxd5 Be6 $17) 13... Bxe5 14. dxe5 Re8 15. Rfd1 {[%cal Rc3d5]} Rxe5 16. a4 Be6 17. a5 Nc4 $36 {[%mdl 2048] [#] Black has good play.} 18. Qxb7 (18. Nxe4 $1 $15 {[%mdl 512]} Bxh3 (18... dxe4 19. Rxd8+) 19. Bxh3 Rxe4 20. Bg2) 18... Nxa5 $17 19. Qa6 (19. Qb4 $17 {was the only defense.}) 19... Nb3 $19 20. Rc2 Qb6 $2 (20... Rc8 $19 {has better winning chances.} 21. e3 Bg4) 21. Qa3 (21. Qxb6 $17 {was forced.} axb6 22. Nf4) 21... Rb8 {Hoping for ...d4.} 22. e3 (22. Nf4 $142 Nxf4 23. gxf4) 22... g5 23. Qe7 Qc5 (23... Rb7 $19 {is more deadly.} 24. Qe8+ Kg7) 24. Qxc5 $17 Nxc5 25. Nxd5 Bg4 (25... Rxd5 $17 26. Rxd5 Bxd5 27. Rxc5 Nf6) 26. Rxc5 $4 {[%mdl 8192] [#]} (26. f3 $1 $11 {and White stays safe.} Bxh3 27. Bxh3) 26... Bxd1 $19 27. Nf6+ Nxf6 28. Rxe5 Rxb2 29. Bf1 $2 (29. Nxg5 hxg5 30. Rxg5+ Kf8 31. h3) 29... Rb1 {Black is clearly winning.} 30. Rb5 Ra1 31. Rb2 Bg4 {Precision: White = 25%, Black = 47%.} 0-1

[Event "4NCL Div 1 2018-19"]
[Site "Daventry"]
[Date "2018.11.11"]
[Round "2"]
[White "Sreeves, Clement"]
[Black "Rudd, Jack"]
[Result "1-0"]
[WhiteElo "2358"]
[BlackElo "2234"]
[Annotator "NA"]
[PlyCount "41"]
[EventDate "2018.11.10"]
[EventType "team-tourn"]
[EventCountry "GBR"]
[SourceTitle "playchess.com"]
[Source "ChessBase"]
[SourceQuality "1"]
[TimeControl "40/6000+30:3000+30"]

1. e4 {[%emt 0:00:00]} c6 {[%emt 0:00:00]} 2. d4 {[%emt 0:00:00]} d5 {[%emt 0:00:00]} 3. Nc3 {[%emt 0:00:00]} dxe4 {[%emt 0:00:00]} 4. Nxe4 {[%emt 0:00:00]} Nd7 {[%emt 0:00:00]} 5. Ng5 {[%emt 0:00:15]} Ngf6 {[%emt 0:00:00]} 6. Bd3 {[%emt 0:00:25]} e6 {[%emt 0:01:08]} 7. N1f3 {[%emt 0:01:11]} Bd6 {[%emt 0:01:26]} 8. Qe2 {[%emt 0:00:14]} h6 {[%emt 0:01:42]} 9. Ne4 {[%emt 0:00:07]} Nxe4 {[%emt 0:00:10]} 10. Qxe4 {[%emt 0:00:06]} Nf6 {[%emt 0:01:14]} 11. Qe2 {[%emt 0:00:17]} c5 {[%emt 0:01:45]} 12. Bd2 {[%emt 0:15:19]} O-O {[%emt 0:01:48]} 13. dxc5 {[%emt 0:05:52]} Bxc5 {[%emt 0:00:17]} 14. O-O-O {[%emt 0:00:34]} Qb6 {[%emt 0:01:18]} 15. Ne5 {[%emt 0:03:12]} Rd8 {[%emt 0:04:06]} 16. Kb1 {[%emt 0:11:06]} Bd7 {[%emt 0:02:05]} 17. g4 {[%emt 0:07:46]} Nd5 {[%emt 0:03:00]} 18. g5 {[%emt 0:13:31]} Rac8 {[%emt 0:00:41]} 19. gxh6 {[%emt 0:11:12]} g6 {[%emt 0:00:08]} 20. h7+ {[%emt 0:00:55]} Kg7 {[%emt 0:00:16]} 21. h8=Q+ {[%emt 0:00:55]} 1-0

[Event "4NCL Div 1 2018-19"]
[Site "Daventry"]
[Date "2018.11.11"]
[Round "2"]
[White "Sowray, Peter J"]
[Black "Paehtz, Elisabeth"]
[Result "0-1"]
[WhiteElo "2353"]
[BlackElo "2495"]
[Annotator "TA"]
[PlyCount "58"]
[EventDate "2018.11.10"]
[EventType "team-tourn"]
[EventCountry "GBR"]
[SourceTitle "playchess.com"]
[Source "ChessBase"]
[SourceQuality "1"]

{[%evp 18,58,12,9,0,-21,23,17,37,-29,-21,-43,-33,-54,-7,-18,-20,-21,-6,-10,0,0,6,-17,-8,-80,-82,-82,-82,-73,-81,-82,-80,-350,-341,-345,-339,-475,-482,-475,-475,-518,-509]} 1. d4 d5 2. c4 c6 3. Nf3 Nf6 4. Nc3 dxc4 5. a4 Bf5 6. Ne5 Nbd7 7. Nxc4 Nb6 8. Ne5 a5 9. Bg5 {D17: Damengambit (Slawische Verteidigung)} (9. e3 Nfd7 10. Bd3 Bxd3 11. Nxd3 e6 12. O-O Be7 13. Qb3 O-O 14. e4 Ra6 15. Be3 Qb8 16. Rac1 Rd8 {1-0 (37) Giri,A (2782)-Aronian,L (2767) chess.com INT 2018}) 9... g6 10. f3 {LiveBook: 14 Partien. Mit der Idee e4.} Nfd7 {[%cal Bf6d7,Bd7b8,Bb8a6,Ba6b4][%mdl 32]} 11. Nd3 {Die Stellung ist ausgeglichen.} Bg7 12. e4 Be6 13. Nf4 $146 (13. Be3 $1 $14) ({Vorgänger:} 13. Be3 O-O 14. Rc1 Bc4 15. Be2 Ba6 16. O-O Nc4 {0-1 (38) Mann,J (2183)-Keller,P (2226) Hannover 2016}) 13... Bc4 $1 $11 14. Nfe2 O-O 15. Qc2 Nb8 {[#] Weiss muss nun ...Sa6 beachten.} 16. b3 Bxe2 17. Nxe2 Na6 {zielt auf ...Sb4 ab.} 18. Rd1 $1 Qd6 19. g3 Rad8 20. Bg2 Nb4 $36 {[%mdl 2048] Schwarz drückt.} 21. Qc5 (21. Qc1 $11) 21... Qxc5 $17 22. dxc5 {Txd8 ist eine echte Drohung.} Rxd1+ 23. Kxd1 Rd8+ 24. Kc1 Nc8 25. Kb1 $2 {[%mdl 8192] [#]} (25. Bh3 $17) 25... h6 $1 $19 {[%cal Rh6g5]} 26. Be3 Rd3 $1 {[%csl LRb3,LRe3]} 27. Nc1 (27. Bf4 {war erzwungen.} Rxb3+ 28. Kc1) 27... Rxe3 {Schwarz steht klar auf Gewinn.} 28. Rd1 Kh7 29. Rd8 Re1 {Precision: Weiß = 26%, Schwarz = 60%.} 0-1

[Event "4NCL Div 1 2018-19"]
[Site "Daventry"]
[Date "2018.11.11"]
[Round "2"]
[White "Ledger, Andrew J"]
[Black "Daskalov, Dimitar"]
[Result "1/2-1/2"]
[WhiteElo "2348"]
[BlackElo "2330"]
[Annotator "TA"]
[PlyCount "68"]
[EventDate "2018.11.10"]
[EventType "team-tourn"]
[EventCountry "GBR"]
[SourceTitle "playchess.com"]
[Source "ChessBase"]
[SourceQuality "1"]

{[%evp 20,68,49,19,89,88,96,75,86,77,98,89,95,101,158,103,135,133,140,141,145,113,129,121,118,123,128,107,154,160,160,145,274,269,305,125,116,131,141,93,221,104,118,53,69,0,60,0,54,0,107]} 1. d4 {[%cal Bd2d4,Bd4e5][%mdl 32]} Nf6 2. c4 e5 3. dxe5 Ng4 4. Bf4 Bb4+ 5. Nd2 Qe7 6. Ngf3 Nc6 7. e3 Ngxe5 8. Nxe5 Nxe5 9. Be2 b6 10. O-O Bb7 {A52: Budapest Gambit} 11. Nb3 {LiveBook: 4 Games} (11. Nf3 Bxf3 12. Bxf3 Rd8 13. Be2 Bd6 14. Qc2 h5 15. Rad1 c6 16. Rd4 Bc7 17. h4 g6 18. Bg5 f6 19. f4 fxg5 20. fxe5 Qg7 21. Rf6 Bxe5 22. Rxg6 Qe7 23. Bxh5 Bh2+ 24. Kh1 {1-0 (24) Potkin,V (2653)-Savchenko,B (2616) Aix les Bains 2011 CBM 142 Extra [Cebalo,M/Primel,D]}) 11... O-O-O (11... Bc5 $11 {remains equal.}) 12. a3 Bc5 {White is better.} 13. Nxc5 Qxc5 14. b4 Qc6 {[%csl Gb7][%cal Rc6g2]} 15. f3 $1 f6 $146 ({Predecessor:} 15... Rde8 16. Qd4 f6 17. c5 Qe6 18. e4 {1-0 (29) Polak,T (2466)-Michalowski,P Apolda 2002}) 16. c5 bxc5 (16... h5 $142) 17. Rc1 ({White should play} 17. bxc5 Rhe8 18. Qd4) 17... c4 18. Bxe5 $1 fxe5 19. Rxc4 Qb6 20. Rc3 d5 21. Rc5 d4 22. Qb3 Kb8 23. Rfc1 ({But not} 23. Rxe5 $6 d3 $11) 23... Qh6 {aiming for ...d3.} 24. Rxe5 d3 {[#]} 25. Bf1 $1 ({And not} 25. Bxd3 Qd6 $11) 25... Rd5 (25... d2 $16 {is a better defense.} 26. Rd1 Rd7) 26. Qc3 $18 d2 27. Rd1 (27. Qxc7+ $18 Ka8 {[#]} 28. Re7 $1 {[%mdl 512]}) 27... Rxe5 $16 28. Qxe5 Rd8 29. Qc3 Qd6 (29... Qc6 $16 {might work better.} 30. Qxg7 Qe6) 30. Kf2 (30. Qxg7 $18 {and the rest is easy.} Bc6 31. b5) 30... g5 {[#]} 31. Qd4 $1 {[%mdl 512]} Qf8 $14 (31... Qxd4 32. exd4) 32. Qc3 Qd6 {[#]} 33. Qd4 $1 {[%mdl 512] Threatens to win with Qxd6.} Qf8 $1 (33... Qxd4 34. exd4) 34. Qc3 (34. Qe5 $14) 34... Qd6 {Precision: White = 35%, Black = 49%.} 1/2-1/2

[Event "4NCL Div 1 2018-19"]
[Site "Daventry"]
[Date "2018.11.11"]
[Round "2"]
[White "Littlewood, Paul E"]
[Black "Townsend, M Paul"]
[Result "1/2-1/2"]
[WhiteElo "2343"]
[BlackElo "2240"]
[Annotator "TA"]
[PlyCount "66"]
[EventDate "2018.11.10"]
[EventType "team-tourn"]
[EventCountry "GBR"]
[SourceTitle "playchess.com"]
[Source "ChessBase"]
[SourceQuality "1"]

{[%evp 25,66,0,0,4,4,0,0,0,0,-3,0,0,0,0,0,-12,6,-8,-18,-71,-8,-31,-13,-38,-43,-45,-47,-109,-99,-114,-65,-121,-69,-55,-52,-143,-123,-104,0,-50,0,0,0]} 1. d4 Nf6 2. c4 e6 3. Nc3 d5 4. cxd5 exd5 5. Bg5 c6 6. e3 Be7 7. Bd3 Nbd7 8. Qc2 h6 9. Bh4 Nh5 10. Bxe7 Qxe7 11. Nge2 Nb6 12. h3 {D36: Damengambit (Abtauschvariante)} (12. O-O O-O 13. Rae1 Be6 14. Nc1 Rad8 15. Nb3 Rfe8 16. Nc5 Bc8 17. b4 Nc4 18. Qe2 Qg5 19. f4 Qh4 20. Bxc4 dxc4 {0-1 (37) Navara,D (2724)-Adams,M (2740) Biel 2015 CBM 168 [Krasenkow,M]}) 12... Bd7 13. g4 Nf6 {LiveBook: 4 Partien} 14. Ng3 g6 15. O-O-O O-O-O 16. Kb1 Kb8 {[#]} 17. Rhe1 $146 h5 18. g5 Ne8 19. h4 Bg4 20. Be2 (20. Rc1 {is more complex.} Nc7 21. Nge2 Rhe8 22. Nf4 Ne6 23. Nce2) 20... Bxe2 (20... Nc7 {is interesting.} 21. a3 Rdf8 22. Rh1 Rhg8 23. Rdg1 f6) 21. Rxe2 Nd6 22. f3 (22. b3 $11) 22... f5 (22... f6 $17 23. e4 (23. Qxg6 Rdg8 $17) 23... fxg5 24. exd5 Qf7 25. dxc6 gxh4) 23. Ree1 Rhe8 24. Nf1 Nbc4 $36 {[%cal Bb6c4,Bc4a3,Ba3b5,Bb5d6][%mdl 2080] Schwarz drückt.} 25. Qh2 Ka8 26. b3 (26. Ka1 $15) 26... Na3+ $17 27. Ka1 Ndb5 28. Qb2 {[#]} (28. Qd2 $15) 28... Qb4 ({Lieber} 28... f4 $1 $17 {[%mdl 512]} 29. Nxb5 (29. exf4 Qxe1) 29... Nxb5) 29. Nxb5 $15 Nxb5 30. Qd2 (30. f4 $1 $15) 30... Qxd2 $1 $17 31. Rxd2 {[#]} Re7 ({Besser ist} 31... f4 $1 $17 {[%mdl 512]} 32. Kb2 (32. exf4 Rxe1+) 32... Kb8) 32. a4 Nd6 {Weiss muss nun ...f4! beachten.} 33. f4 Rde8 {Precision: Weiß = 38%, Schwarz = 55%.} 1/2-1/2

[Event "4NCL Div 1 2018-19"]
[Site "Daventry"]
[Date "2018.11.11"]
[Round "2"]
[White "Taylor, Martin R"]
[Black "Le Roux, Jean-Pierre"]
[Result "0-1"]
[WhiteElo "2337"]
[BlackElo "2534"]
[Annotator "TA"]
[PlyCount "90"]
[EventDate "2018.11.10"]
[EventType "team-tourn"]
[EventCountry "GBR"]
[SourceTitle "playchess.com"]
[Source "ChessBase"]
[SourceQuality "1"]

{[%evp 26,90,0,0,0,-6,38,-14,43,37,39,35,42,-40,-41,-41,-41,-34,-34,-37,-41,-42,14,-70,-64,-75,-57,-64,-47,-118,-99,-112,-109,-135,-91,-130,-128,-130,-127,-120,-95,-87,-87,-89,-85,-85,-98,-141,-141,-277,-289,-260,-191,-562,-583,-554,-537,-836,-832,-784,-792,-2285,-1187,-2013,-1790,-4902,-4718]} 1. d4 g6 2. c4 Nf6 3. Nc3 d5 4. Nf3 Bg7 5. Qb3 dxc4 6. Qxc4 O-O 7. e4 Na6 8. Be2 c5 9. d5 e6 10. O-O exd5 11. exd5 Bf5 12. Rd1 Qb6 13. Nh4 {D97: Grünfeld: Russian System: 7 e4, replies other than 7...Bg4} Bd7 14. Be3 {LiveBook: 3 Games} Rfe8 15. a3 {The position is equal.} Rad8 (15... Rxe3 $5 16. fxe3 Re8 $14) 16. h3 (16. Rab1 $14) 16... h6 $146 (16... Rxe3 $11 17. fxe3 Re8) ({Predecessor:} 16... Qa5 17. Nf3 b5 18. Qh4 Qb6 19. Bg5 Qd6 20. Nxb5 Bxb5 21. Bxb5 {1-0 (47) Aleksandrov,A (2604)-Konguvel,P (2412) Bhubaneswar 2010}) 17. Nf3 g5 18. Nd2 Bf5 19. Qb5 ({White should play} 19. Qa2 $14) 19... Nc7 $15 20. Qxb6 axb6 21. d6 $1 {[%cal Rd6c7]} Ncd5 22. Nxd5 Nxd5 23. Nc4 Be4 (23... Nxe3 $15 24. Nxe3 Be6) 24. Bd3 (24. a4 $11) 24... Nxe3 25. Nxe3 Bc6 ({Reject} 25... Rxd6 26. Bxe4 Rxd1+ 27. Rxd1 $11) 26. Rab1 b5 27. Rd2 (27. b4 $15 cxb4 28. axb4) 27... Kf8 28. Nf5 {[#]} Be5 $1 29. Rbd1 c4 30. Bf1 Re6 31. d7 Bf4 32. Rd4 Re4 33. g3 Rxd4 34. Nxd4 Be5 35. Nxc6 bxc6 $17 {[%mdl 4096] Endgame KRB-KRB} 36. Rd2 {[#]} Ke7 $1 37. Bg2 (37. a4 $17) 37... Rxd7 $19 38. Re2 Kd6 39. Bxc6 $2 (39. Be4) 39... Kxc6 {Black is clearly winning.} 40. Rxe5 {KR-KR} Rd2 41. a4 Rxb2 42. axb5+ Rxb5 43. Re8 Rc5 44. Kf1 c3 45. Ke2 Kd7 {Precision: White = 28%, Black = 70%.} 0-1

[Event "4NCL Div 1 2018-19"]
[Site "Daventry"]
[Date "2018.11.11"]
[Round "2"]
[White "Ashton, Adam G"]
[Black "Wadsworth, Matthew J"]
[Result "0-1"]
[WhiteElo "2332"]
[BlackElo "2350"]
[Annotator "TA"]
[PlyCount "72"]
[EventDate "2018.11.10"]
[EventType "team-tourn"]
[EventCountry "GBR"]
[SourceTitle "playchess.com"]
[Source "ChessBase"]
[SourceQuality "1"]

{[%evp 16,72,27,29,50,40,40,37,50,29,58,43,47,42,64,22,76,-56,-56,-41,-50,-56,-56,-56,-56,-70,-74,-97,-87,-142,-93,-162,-160,-166,-168,-279,-279,-247,-106,-114,-106,-116,-108,-147,-141,-177,-166,-225,-225,-225,-80,-78,-67,-209,-168,-350,-215,-436,-254]} 1. e4 c5 2. Nf3 e6 3. g3 Nc6 4. Bg2 Nf6 5. Qe2 d6 (5... Be7 6. O-O O-O 7. Rd1 e5 8. c3 Re8 9. Na3 Bf8 10. d3 d5 11. exd5 Nxd5 12. Ng5 h6 13. Ne4 f5 {1-0 (65) Artemiev,V (2706)-Morozevich,A (2656) Sochi 2018}) 6. O-O {B40: Sicilian: 2...e6, Unusual lines} e5 7. c3 Be7 8. Rd1 Bg4 9. h3 {LiveBook: 5 Games} Bxf3 10. Qxf3 h5 $146 ({Predecessor:} 10... O-O 11. d3 Ne8 12. Na3 Bg5 {0-1 (73) Ritviz,P (2259)-Gholami,A (2461) Bhubaneswar 2016}) 11. Na3 h4 12. Nc2 Nh7 {[%cal Bf6h7,Bh7g5,Bg5h3][%mdl 32]} 13. d4 cxd4 14. cxd4 Ng5 15. Qg4 {And now d5 would win.} hxg3 (15... Qc8 $11 {remains equal.}) 16. f4 (16. Qxg3 $16 {Strongly threatening dxe5.} exd4 17. Nxd4) 16... exf4 $1 $15 17. Bxf4 Qd7 18. Qxd7+ Kxd7 19. Bxg3 Nxh3+ 20. Kf1 Bg5 21. Bf3 Rae8 22. e5 (22. Ke2 $142) 22... f5 23. e6+ (23. exf6 $17 Bxf6 24. Re1) 23... Ke7 $19 24. Rd3 Bf4 25. Bxf4 (25. Bg2 {was worth a try.}) 25... Nxf4 26. Rb3 Nd8 (26... Rb8 $19 27. Rd1 g5) 27. d5 $17 g5 {[%cal Bg7g5,Bg5g4][%mdl 32]} 28. Nd4 Kf6 {...Rh2 is the strong threat.} 29. Nb5 g4 30. Bg2 Rh2 31. Nxd6 (31. Rg3 $142) 31... Reh8 $19 32. Rg3 Rxg2 ({Weaker is} 32... Nxg2 33. Rxg2 Rh1+ 34. Rg1 $17) (32... Ndxe6 $19 33. dxe6 Kxe6 34. Nxb7 Nxg2 35. Rxg2 Rh1+ 36. Rg1 R8h2 37. Nc5+ Kf6) 33. Rxg2 $17 Nxd5 {[#] aiming for ...Ne3+.} ({Much worse is} 33... Nxg2 $6 34. Kxg2 Ke5 35. Nb5 $14) 34. Re1 (34. e7 $1 $15 Nxe7 35. Kg1) 34... Nxe6 $19 35. Nxb7 $2 (35. Kg1) 35... Nef4 36. Rg1 $2 (36. Rg3) 36... Rh2 {Precision: White = 25%, Black = 48%.} (36... Nd3 $142 37. Rb1 N5f4) 0-1

[Event "4NCL Div 1 2018-19"]
[Site "Daventry"]
[Date "2018.11.11"]
[Round "2"]
[White "Kulon, Klaudia"]
[Black "Parligras, Mircea-Emilian"]
[Result "0-1"]
[WhiteElo "2327"]
[BlackElo "2645"]
[Annotator "TA"]
[PlyCount "78"]
[EventDate "2018.11.10"]
[EventType "team-tourn"]
[EventCountry "GBR"]
[SourceTitle "playchess.com"]
[Source "ChessBase"]
[SourceQuality "1"]

{[%evp 18,78,12,10,23,28,38,15,38,0,16,18,25,-58,12,21,25,-115,-130,-119,-118,-125,-116,-147,-124,-122,-116,-125,-145,-101,-104,-326,-310,-248,-233,-513,-519,-520,-503,-521,-510,-748,-639,-731,-304,-555,-549,-712,-657,-600,-546,-535,-533,-494,-494,-561,-461,-457,-414,-5663,-5288,-5219,-5211]} 1. e4 e5 2. Nf3 Nc6 3. Bb5 a6 4. Ba4 d6 5. c3 Bd7 6. d4 g6 7. O-O Bg7 8. d5 Nce7 9. c4 {C76: Ruy Lopez: Deferred Steinitz: 5 c3 Bd7 6 d4 g6} (9. Bxd7+ Qxd7 10. c4 h6 11. Nc3 f5 12. exf5 gxf5 13. Ne1 Nf6 14. f4 e4 15. Nc2 c5 16. dxc6 bxc6 17. Be3 O-O 18. Qd2 c5 19. h3 Qe6 {1-0 (51) Zhao,J (2604)-Sargissian,G (2672) Riadh 2017}) 9... b5 10. Bb3 {LiveBook: 11 Games} h6 11. Re1 {White has an edge.} Nf6 12. Bd2 $146 ({Predecessor:} 12. c5 O-O 13. h3 Nh5 14. cxd6 cxd6 15. a3 Be8 16. a4 f5 17. axb5 axb5 18. Rxa8 Qxa8 19. exf5 gxf5 {1-0 (35) Guliev,L (2379)-Gafner,E (2258) St Petersburg 2000}) 12... O-O 13. Ba5 Qb8 {[#]} 14. c5 $1 {[%mdl 512]} c6 (14... dxc5 15. Nxe5) 15. a3 (15. cxd6 $11 Qxd6 16. a3) 15... Re8 (15... dxc5 $15 16. d6 Nc8) 16. cxd6 $11 Qxd6 {[%cal Rc6d5]} 17. Bc7 (17. Nc3 $11) 17... Qxc7 $17 18. d6 Qb6 {Strongly threatening ...Nc8.} 19. Nxe5 Ned5 $1 20. exd5 c5 {[%cal Bc6c5,Bc5c4][%mdl 32]} 21. Nxd7 Nxd7 22. Nc3 c4 $36 {[%mdl 2048] Black is in control.} 23. Bc2 Qxd6 24. a4 $2 (24. Qd2 $17 {was worth a try.}) 24... b4 $19 {[%cal Bb5b4,Bb4b3][%mdl 32]} 25. Ne4 Qe5 26. Qd2 $2 (26. Rc1) 26... b3 27. Nc3 Qd4 28. Qxd4 Bxd4 29. Be4 Nc5 {Threatens to win with ...Bxc3.} 30. Bf3 Nd3 (30... Bxc3 $142 31. bxc3 Rxe1+ 32. Rxe1 Nxa4) 31. Rxe8+ $2 (31. Red1) 31... Rxe8 32. Ne4 Bxb2 33. Rd1 Bc1 34. d6 Rd8 35. Nc3 Rxd6 36. Bd5 Bb2 37. Bxc4 Bxc3 38. Bxd3 (38. Bxb3 $142 Rd4 39. Bc2) 38... b2 39. Kf1 {[#]} Rxd3 $1 {[%mdl 512] Precision: White = 34%, Black = 44%.} 0-1

[Event "4NCL Div 1 2018-19"]
[Site "Daventry"]
[Date "2018.11.11"]
[Round "2"]
[White "Chow, Samuel"]
[Black "Valdes Escobar, Alvaro"]
[Result "1/2-1/2"]
[WhiteElo "2326"]
[BlackElo "2346"]
[Annotator "TA"]
[PlyCount "61"]
[EventDate "2018.11.10"]
[EventType "team-tourn"]
[EventCountry "GBR"]
[SourceTitle "playchess.com"]
[Source "ChessBase"]
[SourceQuality "1"]

{[%evp 21,61,22,42,16,47,8,37,4,10,16,37,41,48,54,47,14,28,25,22,26,25,28,63,59,65,64,65,21,72,72,69,60,103,5,5,5,5,5,5,5,5,9]} 1. d4 Nf6 2. c4 e6 3. g3 Bb4+ 4. Nd2 Nc6 5. Ngf3 d6 6. Qc2 O-O 7. a3 Bxd2+ 8. Bxd2 a5 9. Bg2 a4 10. O-O e5 11. Bc3 Qe7 12. e3 {E11: Bogo-Indian} Bd7 $146 ({Predecessor:} 12... Bg4 13. Nd2 Rfe8 14. d5 Nb8 15. Rae1 Nbd7 16. f3 Bh5 17. e4 Nc5 18. Bb4 Nfd7 19. Bh3 Bg6 {½-½ (49) Brynell,S (2458)-Hansen,T (2388) Oslo 2004}) 13. Rad1 Rfe8 (13... e4 $5 {[%cal Re4f3]} 14. Ng5 Bf5 $14) 14. Ng5 {White is slightly better.} h6 15. Ne4 Bf5 {[#] Threatens to win with ...exd4.} 16. dxe5 dxe5 17. Nxf6+ Qxf6 18. Qe2 Qg6 19. c5 Bg4 20. f3 Be6 21. Qb5 Bb3 22. Rd7 Rec8 {Threatening ...Qe6.} 23. Bh3 Rab8 24. e4 Na7 (24... Qg5 $11 {remains equal.}) 25. Qd3 $16 Nc6 26. Rf2 Rd8 {[#]} 27. Rd2 (27. Rxd8+ $1 $16 Rxd8 28. Qb5) 27... Qg5 $11 {The position is equal.} 28. Kf2 Rxd7 29. Bxd7 Rd8 {...Qe7 is the strong threat.} 30. Qe3 $1 Qe7 31. Bxc6 {Precision: White = 58%, Black = 53%.} 1/2-1/2

[Event "4NCL Div 1 2018-19"]
[Site "Daventry"]
[Date "2018.11.11"]
[Round "2"]
[White "Batchelor, Peter J"]
[Black "Gormally, Daniel W"]
[Result "0-1"]
[WhiteElo "2324"]
[BlackElo "2483"]
[Annotator "TA"]
[PlyCount "54"]
[EventDate "2018.11.10"]
[EventType "team-tourn"]
[EventCountry "GBR"]
[SourceTitle "playchess.com"]
[Source "ChessBase"]
[SourceQuality "1"]

{[%evp 17,54,-58,-64,-82,-83,-101,-91,-108,-110,-105,-99,-135,-56,-45,-39,-147,-139,-152,-146,-198,-189,-356,-360,-362,-360,-372,-367,-431,-446,-492,-488,-729,-731,-1010,-995,-1314,-1324,-2788,-2720]} 1. Nf3 Nf6 2. d4 e6 3. c4 d5 4. g3 dxc4 5. Bg2 Nbd7 6. O-O c6 7. Qc2 b5 8. e4 {E04: Open Catalan: 5 Nf3} (8. b3 cxb3 9. Qxc6 Rb8 10. axb3 Bb7 11. Qc2 Rc8 12. Qa2 Bd6 13. Bg5 O-O 14. Nbd2 Qc7 15. Qb1 a6 16. Bxf6 Nxf6 {½-½ (51) Dominguez Perez,L (2732)-Quesada Perez,Y (2631) Matanzas 2016}) 8... Bb7 9. Nc3 Be7 {LiveBook: 5 Games} 10. Bg5 {Black is slightly better.} h6 11. Bd2 O-O $146 ({Predecessor:} 11... Rc8 12. a4 b4 13. Nd1 c5 14. e5 cxd4 15. exf6 Nxf6 16. Nxd4 Bxg2 17. Nxe6 {0-1 (27) Berset,A (2023)-Moroni,L (2478) Zuerich 2016}) 12. Rad1 Re8 13. Rfe1 Qb6 14. h4 e5 (14... Rad8 $17 {Strongly threatening ...c5.} 15. e5 Nd5 16. Nxd5 cxd5) 15. dxe5 $15 Ng4 {[#]} 16. Bf4 {[#]} ({White should play} 16. Bxh6 $1 $15 {[%mdl 512]} Ndxe5 (16... Nxh6 17. Rxd7) 17. Nxe5 Nxe5 18. Be3) 16... Nc5 $1 $17 17. e6 Nxe6 18. Bd6 (18. Bh3 $17 h5 19. Be3) 18... Nc5 19. Bh3 $2 (19. Re2 {was worth a try.}) 19... Nd3 $19 {[%cal Rg4f2]} 20. Bxg4 Bxd6 21. e5 Bxe5 (21... Nxe1 22. Rxe1 Bc7 23. e6 $17) 22. Nxe5 Nxe5 {Black is clearly winning.} ({Not} 22... Rxe5 23. Rxe5 Nxe5 24. Be2 $19) 23. Be2 c5 24. f4 {[#]} (24. Nd5 $142 Bxd5 25. Rxd5) 24... Nd3 $1 25. Rf1 (25. Bxd3 cxd3) 25... Re3 26. Kh2 b4 27. Na4 Qg6 {Precision: White = 19%, Black = 88%.} 0-1

[Event "4NCL Div 1 2018-19"]
[Site "Daventry"]
[Date "2018.11.11"]
[Round "2"]
[White "Kolbus, Dietmar"]
[Black "Webster, David"]
[Result "1-0"]
[WhiteElo "2305"]
[BlackElo "1964"]
[Annotator "NA"]
[PlyCount "55"]
[EventDate "2018.11.10"]
[EventType "team-tourn"]
[EventCountry "GBR"]
[SourceTitle "playchess.com"]
[Source "ChessBase"]
[SourceQuality "1"]
[TimeControl "40/6000+30:3000+30"]

1. c4 {[%emt 0:00:00]} e5 {[%emt 0:00:00]} 2. Nf3 {[%emt 0:00:00]} Nc6 {[%emt 0:00:00]} 3. d4 {[%emt 0:00:02]} exd4 {[%emt 0:00:00]} 4. Nxd4 {[%emt 0:00:05]} Nxd4 {[%emt 0:00:28]} 5. Qxd4 {[%emt 0:00:08]} Qf6 {[%emt 0:00:12]} 6. Qd3 {[%emt 0:00:34]} Qg6 {[%emt 0:03:04]} 7. e4 {[%emt 0:00:21]} Bb4+ {[%emt 0:01:44]} 8. Bd2 {[%emt 0:01:09]} Bxd2+ {[%emt 0:00:28]} 9. Nxd2 {[%emt 0:00:06]} Ne7 {[%emt 0:03:00]} 10. g3 {[%emt 0:01:57]} d6 {[%emt 0:05:16]} 11. Bg2 {[%emt 0:00:14]} Nc6 {[%emt 0:03:15]} 12. f4 {[%emt 0:00:44]} Bd7 {[%emt 0:10:21]} 13. Qc3 {[%emt 0:01:15]} O-O {[%emt 0:08:33]} 14. O-O {[%emt 0:04:17]} Qh5 {[%emt 0:04:22]} 15. Rf2 {[%emt 0:00:53]} Qa5 {[%emt 0:05:14]} 16. Qxa5 {[%emt 0:06:17]} Nxa5 {[%emt 0:00:14]} 17. Rc1 {[%emt 0:03:12]} Nc6 {[%emt 0:05:46]} 18. a3 {[%emt 0:03:08]} a5 {[%emt 0:13:51]} 19. c5 {[%emt 0:01:40]} dxc5 {[%emt 0:00:37]} 20. Rc3 {[%emt 0:00:05]} c4 21. Rxc4 {[%emt 0:00:32]} b6 {[%emt 0:05:47]} 22. Rc3 {[%emt 0:00:43]} Ra7 {[%emt 0:00:51]} 23. Nf3 {[%emt 0:03:16]} Nd8 {[%emt 0:06:03]} 24. Rd2 {[%emt 0:01:33]} c5 {[%emt 0:06:52]} 25. Rcd3 {[%emt 0:00:46]} f5 {[%emt 0:02:07]} 26. Rxd7 {[%emt 0:00:17]} Rxd7 {[%emt 0:00:03]} 27. Rxd7 {[%emt 0:00:08]} fxe4 {[%emt 0:00:01]} 28. Ng5 {[%emt 0:00:31]} 1-0